LEADER 01200nam a2200229 i 4500 001 000000065373 003 CaOOAMICUS 005 20130513000000.0 008 130513s1964 xx u000 u lat u 013 $a36545 040 $aSeMil$bita 100 1 $aGuillelmus : de Occam .$0(OLS)http://semarc/name/89160 245 10$aExpositio aurea & admodum utilis super artem veterem edita par venerabilem inceptorem fratrem Guilielmum de Occham cum questionibus Alberti parvi de Saxonia /$cGuillelmus de Occam. 260 $aRidgewood, New Jersey :$bGregg Press,$c1964. 300 $a[134] c. ;$c28 cm. 500 $aRipr. facs. dell'ed.: Bologna : impensis Benedicti Hectoris, 1496. 650 4$aTeologia - Testi - Sec. 14.$0(OLS)http://semarc/subject/1625 850 $aSeMil 852 $aSeMil$W1$xVenegono$y1$m2M VI 74$j31526$B31526$CSeMilBibl$Z2$F31529 $81 961 $aRecupero: Altro 996 $6245$aExpositio aurea & admodum utilis super artem veterem edita par venerabilem inceptorem fratrem Guilielmum de Occham cum questionibus Alberti parvi de Saxonia$9(OLS)http://semarc/title/103735 996 $6260$aRidgewood, New Jersey :$bGregg Press$9(OLS)http://semarc/publisher/36875 LEADER 01485nam a2200301 i 4500 001 000000057489 003 CaOOAMICUS 005 20140820000000.0 008 140820s1994 it u000 u ita u 013 $a28661 020 $a88-384-2088-2 040 $aSeMil$bita 100 1 $aMarxsen, Willi <1919->.$0(OLS)http://semarc/name/21568 240 14$aDer Evangelist Markus zur Redaktionsgeschichte des Evangeliums.$0(OLS)http://semarc/title/89483 245 12$aL'Evangelista Marco :$bstudi sulla storia della redazione del Vangelo /$cWilli Marxsen ; traduzione di Enzo Gatti ; presentazione di Bruno Maggioni. 260 $aCasale Monferrato :$bPiemme,$c1994. 300 $aXVI, 196 p. ;$c23 cm. 490 0 $aPiemme Theologica 650 4$aBibbia. Nuovo Testamento. Vangelo secondo Marco - Commentari, studi, critica, interpretazioni.$0(OLS)http://semarc/subject/143 700 1 $aMaggioni, Bruno,$d<1932-2020>.$0(OLS)http://semarc/name/4235 700 1 $aGatti, Enzo.$0(OLS)http://semarc/name/2575 830 0$aPiemme Theologica.$0(OLS)http://semarc/title/454 850 $aSeMil 852 $aSeMil$W1$xVenegono$y1$m2Z III 242$j23643$B23643$CSeMilBibl$Z2$F23645 $81 961 $aAcquisto: Distributore 996 $6020$a88-384-2088-2$9(OLS)http://semarc/number/32841 996 $6245$aL'Evangelista Marco :$bstudi sulla storia della redazione del Vangelo$9(OLS)http://semarc/title/89482 996 $6260$aCasale Monferrato :$bPiemme$9(OLS)http://semarc/publisher/29798